| 000 | 00597nam a22001937a 4500 | ||
|---|---|---|---|
| 005 | 20251108170026.0 | ||
| 008 | 250721s2001 xx 000 0 ara d | ||
| 082 | 1 | 4 | _a515.3/برو |
| 100 | 1 | _aيرونسون، ريتشاد | |
| 245 | 1 | 0 | _aالمعادلات التفاضلية / |
| 264 | 1 |
_aالقاهرة : _bالدار الدولية لللإستثمارات، _c2001. |
|
| 300 | _a510ص. | ||
| 490 | 0 | _aسلسلة ملخصات شوم | |
| 650 | 1 | 7 | _aالتفاضل |
| 650 | 1 | 7 | _aالرياضيات |
| 700 | 1 |
_aالعويضي، حسن _eترجمة |
|
| 942 |
_2ddc _cBK |
||
| 999 |
_c37758 _d37758 |
||